000 00286nam a22001337a 4500
008 170401b xxu||||| |||| 00| 0 eng d
020 _a9780801858475
041 _aeng
080 _a617
100 _a8
101 _aSHM
245 _aTHE EYE BOOK
_cCASSEL, G.H
942 _2udc
_cBK
999 _c9367
_d9367